[Event "CAN-ch (Women)"]
[Site "Toronto"]
[Date "2023.04.07"]
[Round "3"]
[White "Ambilwade, Ojal"]
[Black "Zhong, April Yunwei"]
[Result "1-0"]
[WhiteElo "1400"]
[BlackElo "1626"]
[PlyCount "107"]
[EventDate "2023.04.06"]
[EventType "swiss"]
[EventRounds "9"]
[EventCountry "CAN"]
[SourceTitle "CBM 213 Extra"]
[Source "ChessBase"]
[SourceDate "2023.05.31"]
[SourceVersion "1"]
[SourceVersionDate "2023.05.31"]
[SourceQuality "1"]

1. c4 e6 2. Nc3 Nf6 3. d4 d5 4. e3 dxc4 5. Bxc4 a6 6. Nf3 b5 7. Bd3 Bb7 8. a3 c5 9. dxc5 Bxc5 10. 0-0 Nbd7 11. e4 Qc7 12. h3 0-0 13. Bd2 Rfd8 14. Qe2 Rac8 15. Rac1 Qb8 16. Rfe1 Bd6 17. Bb1 Ne5 18. Bg5 Nxf3+ 19. Qxf3 Be5 20. Bxf6 Bxf6 21. Qg4 Rc5 22. Nd5 Rxc1 23. Nxf6+ Kh8 24. Rxc1 gxf6 25. Qh5 Rd7 26. Qh6 Qd8 27. Bc2 Qe7 28. e5 f5 29. g4 Rd8 30. Qf6+ Qxf6 31. exf6 fxg4 32. hxg4 Bf3 33. Kh2 Bxg4 34. Kg3 Bh5 35. Be4 Bg6 36. Bxg6 fxg6 37. Rc6 Rf8 38. Rxe6 a5 39. Kf4 Kg8 40. Ke5 Rc8 41. Kd6 Kf7 42. Re5 Rc2 43. Rxb5 Rxf2 44. Rxa5 Rxf6+ 45. Kc7 h5 46. Rc5 Rf3 47. Rc2 Rb3 48. a4 h4 49. a5 h3 50. a6 Rg3 51. a7 Rg2 52. Rc1 h2 53. a8Q Rg1 54. Qf3+ 1-0